00397nam a2200133Ia 4500008004100000020001800041082001600059100003700075245006800112260002100180300001100201500002700212650002400239120622s9999 xx 000 0 und d a968-26-0894-9 a380.1 A283e aAguilar Alvarez de Alba, Alfonso aElementos de la mercadotecnia / Alfonso Aguilar Alvarez de Alba aMéxico : CECSA a111 p. aIncluye bibliografía a1. MERCADOTECNIAÌ